"Robíme všetko pre Vaše pohodlie Slovenská automobilová doprava Prešov, a. s.

Bibliographic Details
Format: Article
Language:Slovak
PhysicalDescription:Fotogr.
ISSN:1336-4030
Subjects:
Online Access:www.vecernik.po.sk

MARC

LEADER 00000nab a2200000 a 4500
001 vtls009007196
003 SK-MaSNL
005 20260303065435.0
008 070713c20070518xo dr n 000 00slo
038 |a SVKPOCL 
040 |a SVKPOCL  |b slo  |c AACR2  |e AACR2 
041 |a slo 
044 |a xo  |c SK 
080 |a 656.1  |2 2001 
245 0 0 |a "Robíme všetko pre Vaše pohodlie  |b Slovenská automobilová doprava Prešov, a. s. 
300 |a Fotogr. 
600 1 7 |a Kičura, Jozef  |2 snkbucl  |9 1065496 
610 2 7 |a Slovenská automobilová doprava Prešov, a. s. (Prešov, Slovensko)  |2 svkpocl  |9 1065497 
650 0 7 |a prímestská autobusová doprava  |2 svkpocl  |9 770356 
651 7 |a Prešov (Slovensko)  |2 svkpocl  |9 17347 
773 0 |t Prešovský večerník  |g Roč. XVIII, č. 4201 (18.5.2007), s. 18-19  |x 1336-4030 
852 |a SVKPO  |b KIS3GCP 
856 4 1 |u www.vecernik.po.sk 
958 |a RG 
999 |c 1751205  |d 1753135